[Event "Prague op-B"]
[Site "Prague"]
[Date "2006.07.06"]
[Round "5"]
[White "Utratil, Ferdinand"]
[Black "Skuhrovec, Jaroslav"]
[Result "1-0"]
[WhiteElo "1529"]
[BlackElo "1295"]
[PlyCount "87"]
[EventDate "2006.07.02"]
[EventType "swiss"]
[EventRounds "7"]
[EventCountry "CZE"]
[SourceTitle "EXT 2007"]
[Source "ChessBase"]
[SourceDate "2006.11.23"]
[SourceVersion "1"]
[SourceVersionDate "2006.11.23"]
[SourceQuality "1"]

1. d4 e6 2. c4 Bb4+ 3. Nc3 h6 4. e4 Bxc3+ 5. bxc3 d5 6. cxd5 exd5 7. Qc2 c6 8. e5 Be6 9. Nf3 Nd7 10. Bd3 Ne7 11. 0-0 a6 12. a4 c5 13. c4 Rc8 14. dxc5 dxc4 15. Bxc4 Rxc5 16. Nd2 Nxe5 17. Rd1 Qc7 18. Ne4 Nf5 19. Nxc5 Qxc5 20. Bb5+ Qxb5 21. axb5 0-0 22. Qc7 Rc8 23. Rd8+ Rxd8 24. Qxd8+ Kh7 25. bxa6 bxa6 26. Rxa6 Bc4 27. Ra5 Nc6 28. Qc7 Nxa5 29. Qxa5 Be6 30. Qe5 Kg6 31. Bb2 h5 32. h3 Kg5 33. Bc1+ Kg6 34. g4 hxg4 35. hxg4 Nh6 36. Qe4+ Bf5 37. gxf5+ Nxf5 38. Qg4+ Kf6 39. Bb2+ Ke6 40. Qe4+ Kd7 41. Qxf5+ Ke8 42. Qc8+ Ke7 43. Bxg7 f6 44. Qf8+ 1-0